Postacie z uniwersum Percyego Jacksona - Statystyki

Ogólne statystyki
  • Ten quiz został rozwiązany 64 razy
    63 od ostatniego zresetowania
  • Średni wynik to 57 z 124
Statystyki odpowiedzi
Opis Postać % Poprawnych
główny bohater Percy Jackson
100%
architektka Olimpu i dziewczyna ^ Annabeth Chase
94%
ojciec Percyego Posejdon
94%
satyr i przyjaciel poprzedniej dwójki Grover Underwood
92%
królowa bogów Hera
92%
król bogów Zeus
92%
jej posąg został przyniesiony do obozu Atena
90%
dyrektor Obozu Herosów Dionizos
90%
ojciec ^^ Hades
90%
bliźniaczka ^ Artemida
88%
rzymska forma ^ Neptun
88%
został zrzucony z Olimpu przez Zeusa Apollo
86%
bóg, który przegrał starcie z Percym Ares
86%
Król Upiorów włoskiego pochodzenia Nico di Angelo
86%
ojciec ^ Hermes
84%
był opętany przez Kronosa Luke Castellan
82%
żona ^ Persefona
82%
została zamieniona w sosnę Thalia Grace
82%
matka ^ Afrodyta
80%
zmarła siostra ^^ Bianca di Angelo
80%
rzymska forma ^ Minerwa
78%
matka Percyego Sally Jackson-Blofis
78%
pegaz Percyego Mroczny
76%
ojciec ^^ Hefajstos
73%
nowa wyrocznia Rachel Elizabeth Dare
73%
ukamieniowany ojczym Percyego Gabe Ugliano
69%
skradziony z Nowego Rzymu przez Herę Jason Grace
69%
mieszkaniec Stacyjki kontrolujący ogień Leo Valdez
69%
Łowczyni Artemidy zabita przez swojego ojca Zoe Nightshade
69%
rzymska forma ^ Bachus
67%
była grupowa domku 5 Clarisse La Rue
67%
przywrócona z umarłych pretorka Obozu Jupiter Hazel Levesque
67%
ojciec ^ Jowisz
67%
dziewczyna ^ Kalina
67%
dawniej uwięziona na Ogygii dziewczyna ^ Kalipso
67%
ojciec ^ Mars
67%
gorgona kamieniująca stworzenia Meduza
67%
była dziewczyna ^^ Piper McLean
67%
zmieniający postać pretor Obozu Jupiter Frank Zhang
65%
rzymska forma ^ Junona
65%
morderca pluszowych misiów Oktawian
65%
ojczym Percyego i nauczyciel angielskiego Paul Blofis
65%
ojciec ^ Pluton
65%
hipokamp i przyjaciel przyrodniego brata Percyego Tęczuś
65%
uzdrowiciel i chłopak ^ Will Solace
65%
tkaczka zamieniona w pająka przez Atenę Arachne
63%
Łowczynia Artemidy, była pretorka Obozu Jupiter Reyna Avila Ramirez-Arellano
63%
cyklop i przyrodni brat Percyego Tyson
63%
chłopak ^ Charles Beckendorf
61%
rzymska forma ^ Merkury
61%
protogenos ziemi chcąca ją przejąć Gaja
59%
bogini tęczy Iris
59%
dzięki jej poświęceniu herosi zwyciężyli w bitwie o Manhattan Silena Beauregard
59%
nowe imię ^ Bob
55%
matka ^ Demeter
55%
rzymska forma ^ Diana
55%
matka ^ Nemezis
55%
bracia robiący kłopoty Travis Hood
55%
węże oplatające Kaduceusz ^^ Greg
53%
bogini magii zmieniająca mężczyzn w świnki morskie Kirke
53%
węże oplatające Kaduceusz ^^ Martha
53%
ostatni Olimpijczyk Hestia
51%
rzymska forma ^ Wulkan
51%
centaur i mentor Obozu Herosów Chiron
49%
bracia robiący kłopoty Connor Hood
49%
Potrójna Bogini Hekate
49%
zbuntował się przeciwko Kronosowi i uratował życie Percyego Ethan Nakamura
47%
opiekun załogi Argo II Gleeson Hedge
45%
dobrze bawiące się centaury Imprezowe Kucyki
45%
chłopak ^ Chris Rodriguez
43%
matka ^ Maria di Angelo
43%
wielooczny szef ochrony Obozy Herosów Argus
41%
piekielna suka Percyego Pani O'Leary
41%
Apollo jako człowiek Lester Papadopoulos
39%
najlepsza przyjaciółka ^ Meg McCaffrey
39%
grecka forma ^ Eros
35%
pierwotna bogini nocy i ciemności Nyks
35%
ojciec ^^ Tristan McLean
35%
przedśmiertna miłość dziewczyny przywołującej klejnoty Sammy Valdez Senior
33%
postrach Olimpijczyków niszczący państwo Tyfon
33%
harpia, odtworzycielka ksiąg sybillińskich Ella
31%
tytan, który wpadł do Lete i zaczął być przyjazny Japet
31%
córka ^ Estelle Blofis
29%
bogini młodości, zdarza jej się zamieniać herosów w ośmiolatków Hebe
29%
bóg, który zmusił syna Hadesa do coming-outu Kupidyn
27%
spiżowy automaton Festus
24%
karpos, przyjaciel córki Demeter Śliwka
20%
fan kool-aidu, zmarł w bitwie o Obóz Jupiter Dakota
18%
zwierzęta domowe ^ Gale
18%
Hera, ale to opiekunka-wariatka Tía Callida
18%
przewódca Holdingu Triumwirat Neron
16%
sturęki, był uwięziony w więzieniu Alkatraz Kampe Briareus
12%
podczaszy Zeusa, zgubił puchar bogów Ganimedes
12%
słoń wojenny Dwunastego Legionu Fulminata Hannibal
12%
organizator biegu śmierci na trzech nogach Harley
12%
zwierzęta domowe ^ Hekuba
12%
pan Wyroczni Delfickiej Pyton
12%
faun, poświęcił się, aby zrealizować plan uratowania Obozu Jupiter Don
10%
gadająca strzała Strzała z Dodony
10%
władcy zabici podczas ataku na Obóz Jupiter Kaligula
8%
Kanadyjka, świetna łuczniczka Kayla Knowles
8%
władcy zabici podczas ataku na Obóz Jupiter Kommodus
8%
opiekunka ^^ Luguselwa
8%
odziedziczył talent do muzyki po ojcu, gra na saksofonie Austin Lake
6%
była Łowczyni Artemidy zamieszkała w Stacyjce Emmie
6%
przybrana córka ^ i ^^ Georgina
6%
para gryfonów ^ Heloiza
6%
centurionka Piątej Kohorty i użytkowniczka manubalisty Lavinia Asimov
6%
zdradził cesarza i zamieszkał w Stacyjce Lityerses
6%
czarodziejka, pomocniczka cesarza Medea
6%
para gryfonów ^ Abélard
4%
bogini sieci Britomaris
4%
nereida, psycholożka w Liceum Alternatywnym Eudora
4%
wyrocznia z Erythraj Herofile
4%
była Łowczyni Artemidy zamieszkała w Stacyjce Josephine
4%
drakaina scytyjska zamieszkała w Stacyjce Ssssssara
4%
władcy zabici podczas ataku na Obóz Jupiter Tarkwiniusz
4%
pierwszy prezes troglodytów Z.I.I. Złotek
4%
mania, która miała strzec Dionizosa Amfitemis
2%
uwielbia słuchać historii, mieszka nad rzeką Acheron Gorgyra
2%
jorubski półbóg zamieszkały w Stacyjce Jamie
2%
troglodyta, dobre w zaganianiu bydła Jego Wy-S.S.S.-Okość
2%
słonica zamieszkała w Stacyjce Liwia
2%
pandai, który chciał być muzykiem Riff
2%
Nie znaleziono quizów pasujących do podanych kryteriów
Rozkład punktacji
Procent ludzi z każdym wynikiem
Percentyl według liczby udzielonych odpowiedzi
Twoja historia wyników
Nie rozwiązałeś tego quizu od ostatniego zresetowania